00546nam a2200121 a 4500008004100000050001500041110005700056245020000113260004000313300002200353350000900375650004000384100215s2004 ||||||||||||||||| || u aUN-ECA(02) aUnited Nations Economic Commission For Africa(UNECA)10aManaging mineral wealth: training materials on management of mineral wealth and the role of mineral wealth in socio-economic developmentcby United Nations Economic Commission for Africa (UN-ECA) aAddis Ababa :bUNITED NATIONSc2004 axiii, 195p. : ill a0.00 aMINES AND MINERAL RESOURCES--AFRICA